005910000a22001810004500060000800000082002000008100001700028100002000045245003800065260003700103260000900140490002500149490002200174650007000196942000700266999001900273952011700292 a100 a307.709 73 WAR aLunt, Paul S aWarner, Lroyd W aSocial life of a modern community aNew Havan, Yale university press c1941 a1cYanke city series aYanke city series aCommunity-social life/social anthropology/community-cultural life cBK c354558d354558 00104070aKAUCOAVbKAUCOAVd2014-05-02l0o307.709 73 WARpKAU_COAV-4704r2014-05-02 00:00:00w2014-05-02yBK